Operating Systems A Concept Based Approach (Record no. 6000)

MARC details
000 -LEADER
fixed length control field 00382nam a2200145Ia 4500
008 - FIXED-LENGTH DATA ELEMENTS--GENERAL INFORMATION
fixed length control field 191201s2013 xx 000 0 und d
082 ## - DEWEY DECIMAL CLASSIFICATION NUMBER
Classification number 005.43
Item number DHO
100 ## - MAIN ENTRY--PERSONAL NAME
Personal name Dhamdhere, D M
245 #0 - TITLE STATEMENT
Title Operating Systems A Concept Based Approach
250 ## - EDITION STATEMENT
Edition statement Rep
260 ## - PUBLICATION, DISTRIBUTION, ETC. (IMPRINT)
Place of publication, distribution, etc N.Delhi
Name of publisher, distributor, etc Tata mc Graw Hill Pubg. co. Ltd
Date of publication, distribution, etc 2013
300 ## - PHYSICAL DESCRIPTION
Extent 828
650 ## - SUBJECT ADDED ENTRY--TOPICAL TERM
Topical term or geographic name as entry element B.Tech(CSE)
942 ## - ADDED ENTRY ELEMENTS (KOHA)
Source of classification or shelving scheme Dewey Decimal Classification
Koha item type Text Books
942 ## - ADDED ENTRY ELEMENTS (KOHA)
-- 7
Holdings
Withdrawn status Lost status Source of classification or shelving scheme Damaged status Not for loan Collection code Home library Current library Date acquired Source of acquisition Cost, normal purchase price Bill Number Total Checkouts Full call number Acc. no. / Barcode Date last seen Date last borrowed Actual Cost, discounted price Bill Date Koha item type Checked out
    Dewey Decimal Classification     B.Tech(CSE) PIET C-LIBRARY PIET C-LIBRARY 26/08/2014 Orange Books International 625.00 4603 4 005.43 DHO 24826 04/03/2024 21/02/2024 437.50 05/08/2014 Text Books  
    Dewey Decimal Classification     B.Tech(CSE) PIET C-LIBRARY PIET C-LIBRARY 26/08/2014 Orange Books International 625.00 4603 5 005.43 DHO 24827 24/04/2026 10/04/2026 437.50 05/08/2014 Text Books  
    Dewey Decimal Classification     B.Tech(CSE) PIET C-LIBRARY PIET C-LIBRARY 26/08/2014 Orange Books International 625.00 4603 8 005.43 DHO 24828 22/01/2026 22/01/2026 437.50 05/08/2014 Text Books 10/08/2026
    Dewey Decimal Classification     B.Tech(CSE) PIET C-LIBRARY PIET C-LIBRARY 26/08/2014 Orange Books International 625.00 4603 1 005.43 DHO 24829 06/11/2020 06/11/2020 437.50 05/08/2014 Text Books 20/11/2020
    Dewey Decimal Classification     B.Tech(CSE) PIET C-LIBRARY PIET C-LIBRARY 26/08/2014 Orange Books International 625.00 4603 6 005.43 DHO 24830 01/06/2026 18/05/2026 437.50 05/08/2014 Text Books  

Design & Developed by: PIET Central Library
R70 Miles Stone Pattikalyana Samalkha Panipat 132102
mail ID :- [email protected], Phone No:- 0180-2569700 Ex.216